Využívanie Lean metodológie vo vybranej spoločnosti diplomová práca

Uložené v:
Podrobná bibliografia
Hlavný autor: Márföldy, Marek
Korporativný autor: Fakulta podnikového manažmentu EU. Katedra manažmentu výroby a logistiky - zrušená
Ďalší autori: Boorová, Brigita, 1979-
Médium: Kniha
Jazyk:Slovak
Vydavateľské údaje: Bratislava 2018
Tagy: Pridať tag
Žiadne tagy, Buďte prvý, kto otaguje tento záznam!

MARC

LEADER 00000nbm a2200000 4500
001 0244630
005 20181009130723.0
041 0 |a slo 
044 |a SK 
245 1 0 |a Využívanie Lean metodológie vo vybranej spoločnosti  |b diplomová práca  |c Marek Márföldy ; školiteľ: Brigita Boorová 
264 1 |a Bratislava  |c 2018 
300 |a 85 s. 
100 1 |a Márföldy, Marek 
700 1 |a Boorová, Brigita, 1979- 
710 2 |a Fakulta podnikového manažmentu EU. Katedra manažmentu výroby a logistiky - zrušená